[Event "Titled Tuesday intern op 06th Feb Late"]
[Site "Chess.com INT"]
[Date "2024.02.06"]
[Round "2"]
[White "Koellner, Ruben Gideon"]
[Black "Taranenko, Evgueniy"]
[Result "1-0"]
[WhiteElo "2465"]
[BlackElo "2201"]
[PlyCount "71"]
[EventDate "2024.02.06"]
[EventType "swiss (blitz)"]
[EventRounds "11"]
[EventCountry "USA"]
[SourceTitle "CB07_2024"]
[SourceDate "2024.02.14"]
[SourceVersion "1"]
[SourceVersionDate "2024.02.14"]
[SourceQuality "1"]

1. d4 f5 2. Bg5 g6 3. Nc3 d5 4. e3 c6 5. h4 h6 6. Bf4 Bg7 7. Nf3 Nd7 8. Bd3 Ngf6 9. Ne5 Nxe5 10. Bxe5 Be6 11. Qf3 Qd7 12. Ne2 0-0-0 13. Nf4 Bf7 14. h5 g5 15. Ng6 Bxg6 16. hxg6 e6 17. Bxf6 Bxf6 18. g4 f4 19. c3 c5 20. dxc5 Qc7 21. 0-0-0 Qxc5 22. exf4 gxf4 23. Kb1 e5 24. Rh5 Bg5 25. Bf5+ Kb8 26. Be6 e4 27. Qe2 f3 28. Qc2 Rhe8 29. Bf7 Re7 30. Qb3 Qxf2 31. Bxd5 e3 32. Bxf3 Red7 33. Rxd7 Rxd7 34. Qg8+ Rd8 35. Qf7 e2 36. Qxb7# 1-0

[Event "Titled Tuesday intern op 05th Sep Late"]
[Site "Chess.com INT"]
[Date "2023.09.05"]
[Round "5"]
[White "Bernado Lopez, Roger"]
[Black "Taranenko, Evgueniy"]
[Result "0-1"]
[WhiteElo "2183"]
[BlackElo "2201"]
[PlyCount "74"]
[EventDate "2023.09.05"]
[EventType "swiss (blitz)"]
[EventRounds "11"]
[EventCountry "USA"]
[SourceTitle "EXT 2024"]
[Source "ChessBase"]
[SourceDate "2023.10.10"]
[SourceVersion "1"]
[SourceVersionDate "2023.10.10"]
[SourceQuality "1"]

1. e4 c5 2. Nf3 d6 3. d4 cxd4 4. Nxd4 Nf6 5. Nc3 g6 6. Be3 Bg7 7. f3 0-0 8. Qd2 Nc6 9. 0-0-0 d5 10. exd5 Nxd5 11. Nxc6 bxc6 12. Bd4 e5 13. Bc5 Be6 14. Ne4 Re8 15. h4 h6 16. h5 g5 17. g4 Qc7 18. Bc4 Rad8 19. Qf2 Rd7 20. b3 a5 21. a4 Nf4 22. Rxd7 Qxd7 23. Rd1 Bd5 24. Ng3 Qe6 25. Bf1 Rb8 26. Nf5 Bf6 27. Bd6 Rb7 28. Ba6 Rd7 29. Ba3 Qe8 30. Nxh6+ Kh7 31. Nf5 e4 32. fxe4 Qxe4 33. Bd3 Nxd3+ 34. Rxd3 Qh1+ 35. Rd1 Qxd1+ 36. Kxd1 Bf3+ 37. Kc1 Rd1# 0-1

[Event "Titled Tuesday intern op 05th Sep Late"]
[Site "Chess.com INT"]
[Date "2023.09.05"]
[Round "3"]
[White "Chemin, Justo Reinaldo"]
[Black "Taranenko, Evgueniy"]
[Result "0-1"]
[WhiteElo "2040"]
[BlackElo "2201"]
[PlyCount "74"]
[EventDate "2023.09.05"]
[EventType "swiss (blitz)"]
[EventRounds "11"]
[EventCountry "USA"]
[SourceTitle "EXT 2024"]
[Source "ChessBase"]
[SourceDate "2023.10.10"]
[SourceVersion "1"]
[SourceVersionDate "2023.10.10"]
[SourceQuality "1"]

1. d4 Nf6 2. Nf3 g6 3. Bf4 Bg7 4. e3 0-0 5. h3 d6 6. Nbd2 Nbd7 7. c3 Qe8 8. Bh2 e5 9. Bc4 exd4 10. cxd4 Nb6 11. Be2 Bf5 12. 0-0 Ne4 13. a4 a5 14. Nxe4 Bxe4 15. Nd2 Bd5 16. Bf3 Qe6 17. Qc2 Bxf3 18. Nxf3 c6 19. Rfb1 Nd5 20. Qc4 Rfd8 21. Ng5 Qf5 22. h4 h6 23. e4 Qg4 24. exd5 hxg5 25. dxc6 Bxd4 26. Qd5 bxc6 27. Qxc6 gxh4 28. Ra3 Bxb2 29. Rd3 Rac8 30. Qb6 Qe2 31. Qe3 Qxe3 32. Rxe3 Rc1+ 33. Rxc1 Bxc1 34. Rd3 d5 35. Kf1 Bb2 36. Ke2 d4 37. Be5 Bc3 0-1

[Event "Titled Tuesday intern op 05th Sep Late"]
[Site "Chess.com INT"]
[Date "2023.09.05"]
[Round "1"]
[White "Sjugirov, Sanan"]
[Black "Taranenko, Evgueniy"]
[Result "1-0"]
[WhiteElo "2705"]
[BlackElo "2201"]
[PlyCount "41"]
[EventDate "2023.09.05"]
[EventType "swiss (blitz)"]
[EventRounds "11"]
[EventCountry "USA"]
[SourceTitle "EXT 2024"]
[Source "ChessBase"]
[SourceDate "2023.10.10"]
[SourceVersion "1"]
[SourceVersionDate "2023.10.10"]
[SourceQuality "1"]

1. Nf3 Nf6 2. e3 g6 3. d4 Bg7 4. b3 0-0 5. Bb2 d6 6. Be2 Nbd7 7. 0-0 e5 8. dxe5 Ng4 9. c4 Ngxe5 10. Nc3 Nxf3+ 11. Bxf3 Ne5 12. Be2 c6 13. Qc2 Qc7 14. Rad1 Be6 15. Ne4 Bf5 16. f4 Nd7 17. Bxg7 Bxe4 18. Qxe4 Kxg7 19. Qd4+ Nf6 20. g4 c5 21. Qc3 1-0

[Event "Titled Tuesday intern op 18th Jul Late"]
[Site "Chess.com INT"]
[Date "2023.07.18"]
[Round "6"]
[White "Taranenko, Evgueniy"]
[Black "Besedes, Danilo"]
[Result "0-1"]
[WhiteElo "2201"]
[BlackElo "2287"]
[PlyCount "94"]
[EventDate "2023.07.18"]
[EventType "swiss (blitz)"]
[EventRounds "11"]
[EventCountry "USA"]
[SourceTitle "EXT 2024"]
[Source "ChessBase"]
[SourceDate "2023.10.10"]
[SourceVersion "1"]
[SourceVersionDate "2023.10.10"]
[SourceQuality "1"]

1. e4 g6 2. d4 Bg7 3. Nc3 c6 4. f4 d5 5. e5 h5 6. Nf3 Bg4 7. Be3 Nh6 8. Bd3 Nf5 9. Bf2 e6 10. h3 Bxf3 11. Qxf3 h4 12. 0-0-0 Nd7 13. Ne2 Bf8 14. Ng1 Be7 15. Qe2 Qa5 16. Kb1 a6 17. Nf3 c5 18. c3 b5 19. Bxf5 gxf5 20. Qe1 Rb8 21. dxc5 b4 22. cxb4 Rxb4 23. a3 Rb5 24. Qxa5 Rxa5 25. c6 Nc5 26. b4 Rb5 27. Bxc5 Bxc5 28. Ka2 Be3 29. Rhf1 Rb6 30. Nd4 Rg8 31. Kb3 Rxg2 32. Ka4 Bxd4 33. Rxd4 Rxc6 34. Rf3 Ke7 35. Ka5 f6 36. exf6+ Kxf6 37. Rdd3 Re2 38. Rc3 Rxc3 39. Rxc3 d4 40. Rd3 Re3 41. Kxa6 Rxd3 42. a4 Ra3 43. a5 d3 44. b5 d2 45. b6 d1Q 46. b7 Qd6+ 47. Ka7 Rxa5# 0-1

[Event "Titled Tuesday intern op 18th Jul Late"]
[Site "Chess.com INT"]
[Date "2023.07.18"]
[Round "2"]
[White "Taranenko, Evgueniy"]
[Black "Urbina Perez, Juan Antonio"]
[Result "1-0"]
[WhiteElo "2201"]
[BlackElo "2266"]
[PlyCount "49"]
[EventDate "2023.07.18"]
[EventType "swiss (blitz)"]
[EventRounds "11"]
[EventCountry "USA"]
[SourceTitle "EXT 2024"]
[Source "ChessBase"]
[SourceDate "2023.10.10"]
[SourceVersion "1"]
[SourceVersionDate "2023.10.10"]
[SourceQuality "1"]

1. e4 c5 2. Nf3 d6 3. d4 cxd4 4. Nxd4 Nf6 5. f3 e5 6. Bb5+ Nbd7 7. Nf5 d5 8. exd5 a6 9. Ba4 b5 10. Bb3 Nc5 11. Ne3 Bb7 12. c4 Nxb3 13. axb3 Bc5 14. Nc3 0-0 15. 0-0 Rc8 16. Qe2 Bd4 17. Kh1 b4 18. Ne4 Ne8 19. Nf5 Bb6 20. f4 exf4 21. Bxf4 Bc5 22. Rae1 h6 23. Qg4 Kh7 24. Nxc5 Rxc5 25. Rxe8 1-0

[Event "Titled Tuesday intern op 18th Jul Late"]
[Site "Chess.com INT"]
[Date "2023.07.18"]
[Round "4"]
[White "Xiong, Jeffery"]
[Black "Taranenko, Evgueniy"]
[Result "1/2-1/2"]
[WhiteElo "2693"]
[BlackElo "2201"]
[PlyCount "122"]
[EventDate "2023.07.18"]
[EventType "swiss (blitz)"]
[EventRounds "11"]
[EventCountry "USA"]
[SourceTitle "EXT 2024"]
[Source "ChessBase"]
[SourceDate "2023.10.10"]
[SourceVersion "1"]
[SourceVersionDate "2023.10.10"]
[SourceQuality "1"]

1. e4 e6 2. d4 d5 3. e5 c5 4. c3 Qb6 5. Nf3 Nc6 6. Be2 cxd4 7. cxd4 Nh6 8. Bxh6 Qxb2 9. Nbd2 gxh6 10. 0-0 Nxd4 11. Rb1 Nxe2+ 12. Qxe2 Qa3 13. Nd4 a6 14. Rfc1 Bd7 15. Nf1 Bc5 16. Qd2 Rc8 17. Ng3 Qa4 18. Nb3 Be7 19. Rxc8+ Bxc8 20. Nd4 Bg5 21. f4 Be7 22. Kh1 0-0 23. Nh5 Kh8 24. Nf6 Qc4 25. h3 b5 26. f5 Bxf6 27. exf6 e5 28. Rc1 exd4 29. Rxc4 bxc4 30. Qxd4 Bxf5 31. Qxd5 Be6 32. Qe5 Rd8 33. Kg1 h5 34. Kf2 h4 35. Qg5 Rg8 36. Qxh4 c3 37. Qa4 Rc8 38. Qc2 a5 39. Ke2 h6 40. Kd1 Rd8+ 41. Kc1 Rd2 42. Qxc3 Rxg2 43. a4 Rg1+ 44. Kd2 Rg2+ 45. Ke1 Rg1+ 46. Kf2 Rg5 47. h4 Rf5+ 48. Ke3 Kh7 49. Ke4 Kg6 50. Ke3 h5 51. Ke4 Bd5+ 52. Kd4 Be6 53. Ke4 Bd5+ 54. Kd4 Be6 55. Qg3+ Kxf6 56. Qg8 Rd5+ 57. Ke4 Rc5 58. Kd4 Rd5+ 59. Ke4 Rc5 60. Qd8+ Kg6 61. Qg8+ Kf6 1/2-1/2

[Event "Titled Tuesday intern op 11th Jul Late"]
[Site "Chess.com INT"]
[Date "2023.07.11"]
[Round "6"]
[White "Taranenko, Evgueniy"]
[Black "Ferey, Antonin"]
[Result "0-1"]
[WhiteElo "2201"]
[BlackElo "2181"]
[PlyCount "138"]
[EventDate "2023.07.11"]
[EventType "swiss (blitz)"]
[EventRounds "11"]
[EventCountry "USA"]
[SourceTitle "EXT 2024"]
[Source "ChessBase"]
[SourceDate "2023.10.10"]
[SourceVersion "1"]
[SourceVersionDate "2023.10.10"]
[SourceQuality "1"]

1. e4 e5 2. Nf3 Nc6 3. Bc4 Bc5 4. 0-0 Nf6 5. d4 Bxd4 6. Nxd4 Nxd4 7. f4 d6 8. fxe5 dxe5 9. Bg5 Be6 10. Na3 Bxc4 11. Nxc4 Ne6 12. Bxf6 gxf6 13. Ne3 c6 14. Nc4 Qxd1 15. Raxd1 Ke7 16. Nd6 Rhd8 17. Nf5+ Kf8 18. c3 Nc5 19. Nd6 Ke7 20. Nf5+ Kf8 21. Nd6 Rd7 22. b4 Na4 23. c4 Rad8 24. c5 b6 25. Rxf6 bxc5 26. bxc5 Nxc5 27. Rc1 Rxd6 28. Rxd6 Rxd6 29. Rxc5 Rd1+ 30. Kf2 Rd2+ 31. Kf3 Rxa2 32. Rxc6 Ke7 33. h4 h5 34. Rc5 Kd6 35. Rb5 Ra3+ 36. Kf2 f6 37. Rb8 Kc5 38. Rd8 a5 39. Rf8 Kd4 40. Rxf6 Kxe4 41. Rh6 Ra2+ 42. Kg3 Ra3+ 43. Kh2 Kd3 44. Rxh5 e4 45. Rd5+ Kc4 46. Re5 Kd4 47. Re8 e3 48. Kg3 Ra1 49. Kf3 Rf1+ 50. Kg3 Kd3 51. h5 e2 52. Rd8+ Kc4 53. Rc8+ Kb5 54. Re8 e1Q+ 55. Rxe1 Rxe1 56. Kf4 a4 57. g4 a3 58. g5 a2 59. g6 a1Q 60. Kg5 Qe5+ 61. Kh6 Qh8+ 62. Kg5 Re5+ 63. Kf4 Qxh5 64. g7 Qf5+ 65. Kg3 Qg5+ 66. Kf3 Qxg7 67. Kf4 Qf6+ 68. Kg4 Rg5+ 69. Kh3 Qh6# 0-1

[Event "Titled Tuesday intern op 11th Jul Late"]
[Site "Chess.com INT"]
[Date "2023.07.11"]
[Round "2"]
[White "Taranenko, Evgueniy"]
[Black "Filgueiras, Nathan Felipe"]
[Result "1-0"]
[WhiteElo "2201"]
[BlackElo "2323"]
[PlyCount "75"]
[EventDate "2023.07.11"]
[EventType "swiss (blitz)"]
[EventRounds "11"]
[EventCountry "USA"]
[SourceTitle "EXT 2024"]
[Source "ChessBase"]
[SourceDate "2023.10.10"]
[SourceVersion "1"]
[SourceVersionDate "2023.10.10"]
[SourceQuality "1"]

1. e4 c5 2. Nf3 d6 3. d4 cxd4 4. Nxd4 Nf6 5. f3 a6 6. c4 e5 7. Nc2 Be6 8. Nc3 Nbd7 9. Ne3 Be7 10. b3 0-0 11. Ned5 Bxd5 12. Nxd5 Nxd5 13. Qxd5 Nf6 14. Qd3 Rc8 15. Bd2 Qc7 16. Be2 Nd7 17. 0-0 Nc5 18. Qd5 Kh8 19. Be3 f5 20. exf5 Rxf5 21. Rac1 a5 22. Rcd1 Rcf8 23. Bxc5 dxc5 24. Bd3 Rf4 25. Be4 h5 26. Qxb7 Qxb7 27. Bxb7 a4 28. Rd7 Bg5 29. Be4 axb3 30. axb3 Rb8 31. Rc7 Rff8 32. Rb1 Be3+ 33. Kf1 Rfd8 34. Ke2 Bf4 35. Bd5 Bxh2 36. Rh1 Rxb3 37. Rxh2 g6 38. Kf2 1-0

[Event "Titled Tuesday intern op 11th Jul Late"]
[Site "Chess.com INT"]
[Date "2023.07.11"]
[Round "1"]
[White "Tristan, Leonardo"]
[Black "Taranenko, Evgueniy"]
[Result "1-0"]
[WhiteElo "2526"]
[BlackElo "2201"]
[PlyCount "179"]
[EventDate "2023.07.11"]
[EventType "swiss (blitz)"]
[EventRounds "11"]
[EventCountry "USA"]
[SourceTitle "EXT 2024"]
[Source "ChessBase"]
[SourceDate "2023.10.10"]
[SourceVersion "1"]
[SourceVersionDate "2023.10.10"]
[SourceQuality "1"]

1. d4 d6 2. e4 c6 3. Nc3 g6 4. a4 Bg7 5. Nf3 Nd7 6. Be2 e5 7. 0-0 Ngf6 8. h3 0-0 9. Re1 exd4 10. Nxd4 Nc5 11. Bf3 Re8 12. a5 Qc7 13. Bf4 Nfd7 14. Bg3 Ne5 15. Be2 Ne6 16. Nb3 g5 17. Bf1 h6 18. Ra4 Rd8 19. Ne2 Ng6 20. Ned4 Nef4 21. c3 Be6 22. Nf5 d5 23. Nxg7 Kxg7 24. Qc2 dxe4 25. Nc5 Bf5 26. Nxe4 Rd5 27. Qb3 Re8 28. f3 Bxe4 29. fxe4 Rxa5 30. Rxa5 Qxa5 31. Qxb7 Qb6+ 32. Qxb6 axb6 33. Bf2 b5 34. Bd4+ f6 35. g3 Ne6 36. Bf2 Ne5 37. Ra1 Rd8 38. Ra7+ Rd7 39. Ra8 Rd2 40. Ra7+ Kg6 41. b4 Nd3 42. Bxd3 Rxd3 43. Re7 Ng7 44. Bd4 Rxg3+ 45. Kh2 Rd3 46. Kg2 Nh5 47. Rc7 Nf4+ 48. Kf1 Ne6 49. Rd7 Nxd4 50. cxd4 Rxh3 51. Rd6 Rc3 52. Ke2 Rc4 53. e5 Kh5 54. e6 Kg6 55. Rd8 Rc2+ 56. Kd3 Rc1 57. Kd2 Rc4 58. Kd3 Rc1 59. Kd2 Rh1 60. Rf8 Rh2+ 61. Kd3 Rh3+ 62. Kd2 Rh2+ 63. Ke3 Rh3+ 64. Kf2 Rh2+ 65. Kf3 Rh3+ 66. Ke4 Rh4+ 67. Kd3 Rh3+ 68. Kc2 Rh2+ 69. Kd1 Rh1+ 70. Ke2 Rh2+ 71. Kf1 Rh3 72. e7 Re3 73. e8Q+ Rxe8 74. Rxe8 Kf5 75. Rc8 Ke4 76. Rxc6 f5 77. Rc5 f4 78. Rxb5 g4 79. Rh5 Kxd4 80. Rxh6 Ke3 81. Rf6 Kf3 82. b5 g3 83. b6 Kg4 84. b7 f3 85. Rxf3 g2+ 86. Kxg2 Kh4 87. b8Q Kg5 88. Qf4+ Kg6 89. Rg3+ Kh5 90. Qg5# 1-0

[Event "Titled Tuesday intern op 04th Jul Late"]
[Site "Chess.com INT"]
[Date "2023.07.04"]
[Round "6"]
[White "D'Arruda, Ricardo D"]
[Black "Taranenko, Evgueniy"]
[Result "1/2-1/2"]
[WhiteElo "2271"]
[BlackElo "2201"]
[PlyCount "96"]
[EventDate "2023.07.04"]
[EventType "swiss (blitz)"]
[EventRounds "11"]
[EventCountry "USA"]
[SourceTitle "EXT 2024"]
[Source "ChessBase"]
[SourceDate "2023.10.10"]
[SourceVersion "1"]
[SourceVersionDate "2023.10.10"]
[SourceQuality "1"]

1. Nf3 f5 2. d3 d5 3. g3 Nf6 4. Bg2 c5 5. 0-0 Nc6 6. Nbd2 e5 7. e4 fxe4 8. dxe4 d4 9. Nh4 Bd6 10. Nf5 Bxf5 11. exf5 0-0 12. Ne4 Qd7 13. g4 Ne7 14. Nxd6 Qxd6 15. Bxb7 e4 16. Bxa8 Rxa8 17. h3 h5 18. Bg5 hxg4 19. hxg4 Ned5 20. c3 Kf7 21. cxd4 Rh8 22. f4 exf3 23. Rxf3 Qh2+ 24. Kf1 Ne4 25. Qb3 Qh1+ 26. Ke2 Qg2+ 27. Kd3 Qxf3+ 28. Kc4 Nb6+ 29. Kb5+ Qxb3+ 30. axb3 Nxg5 31. Rxa7+ Kf6 32. dxc5 Nd5 33. c6 Rc8 34. Kc5 Ne7 35. Ra6 Ne4+ 36. Kd4 Rxc6 37. Rxc6+ Nxc6+ 38. Kxe4 Kg5 39. Kd5 Nb4+ 40. Ke6 Kxg4 41. f6 gxf6 42. Kxf6 Kf4 43. Ke6 Ke4 44. Kd6 Nd3 45. Kc6 Kd4 46. b4 Nxb4+ 47. Kb5 Nd5 48. b4 Nxb4 1/2-1/2

[Event "Titled Tuesday intern op 04th Jul Late"]
[Site "Chess.com INT"]
[Date "2023.07.04"]
[Round "8"]
[White "Oro, Faustino"]
[Black "Taranenko, Evgueniy"]
[Result "1-0"]
[WhiteElo "2316"]
[BlackElo "2201"]
[PlyCount "87"]
[EventDate "2023.07.04"]
[EventType "swiss (blitz)"]
[EventRounds "11"]
[EventCountry "USA"]
[SourceTitle "EXT 2024"]
[Source "ChessBase"]
[SourceDate "2023.10.10"]
[SourceVersion "1"]
[SourceVersionDate "2023.10.10"]
[SourceQuality "1"]

1. Nf3 f5 2. d4 d6 3. c4 Nf6 4. Nc3 g6 5. Bg5 Bg7 6. e3 0-0 7. Bd3 c6 8. 0-0 Nbd7 9. e4 fxe4 10. Nxe4 Nxe4 11. Bxe4 Nf6 12. Bd3 Qc7 13. Re1 Bg4 14. Be2 Ne4 15. Be3 c5 16. h3 Bf5 17. Bd3 Rad8 18. Qc2 cxd4 19. Nxd4 Bxd4 20. Bxd4 Nc5 21. Bxf5 Rxf5 22. Qe2 e5 23. Bc3 Rdf8 24. f3 Ne6 25. Qe4 Rg5 26. Kh2 Nf4 27. Rg1 Qc5 28. Raf1 Rf7 29. Bd2 Rgf5 30. Be3 Qc8 31. Rd1 R5f6 32. b3 b6 33. Bxf4 Rxf4 34. Qd5 R4f6 35. b4 Kg7 36. Rc1 Rc7 37. Rgd1 Qe6 38. Qd3 Kf7 39. a4 Ke7 40. c5 bxc5 41. bxc5 Rxc5 42. Rxc5 dxc5 43. Qd8+ Kf7 44. Rd7+ 1-0

[Event "Titled Tuesday intern op 04th Jul Late"]
[Site "Chess.com INT"]
[Date "2023.07.04"]
[Round "10"]
[White "Taranenko, Evgueniy"]
[Black "Bilan, Danila"]
[Result "1-0"]
[WhiteElo "2201"]
[BlackElo "2303"]
[PlyCount "101"]
[EventDate "2023.07.04"]
[EventType "swiss (blitz)"]
[EventRounds "11"]
[EventCountry "USA"]
[SourceTitle "EXT 2024"]
[Source "ChessBase"]
[SourceDate "2023.10.10"]
[SourceVersion "1"]
[SourceVersionDate "2023.10.10"]
[SourceQuality "1"]

1. e4 c6 2. d4 d5 3. e5 c5 4. dxc5 e6 5. a3 Bxc5 6. b4 Be7 7. c4 a5 8. cxd5 exd5 9. b5 Be6 10. Nf3 Nd7 11. Bd3 Nc5 12. 0-0 Nh6 13. Bxh6 gxh6 14. Nd4 Qc7 15. f4 Nxd3 16. Qxd3 Qc4 17. Qxc4 dxc4 18. Nxe6 fxe6 19. Nd2 c3 20. Ne4 Rc8 21. Rfc1 Rc4 22. Nxc3 Rxf4 23. Ne2 Re4 24. Rc8+ Bd8 25. Nc3 Rxe5 26. Kh1 0-0 27. Rb8 Rc5 28. Ne4 Rxb5 29. g3 Re5 30. Re1 b5 31. Re2 Be7 32. Rb7 Rf7 33. Rxe7 Rxe7 34. Nf6+ Kg7 35. Rxe5 Kxf6 36. Rxb5 Ra7 37. a4 Ra6 38. Kg2 Rd6 39. Rxa5 Rd2+ 40. Kh3 Ra2 41. Ra8 e5 42. a5 e4 43. Kg4 Rxh2 44. Kf4 Rg2 45. a6 e3 46. a7 Ra2 47. Rf8+ Kg7 48. a8Q Rxa8 49. Rxa8 e2 50. Re8 e1Q 51. Rxe1 1-0

[Event "Titled Tuesday intern op 04th Jul Late"]
[Site "Chess.com INT"]
[Date "2023.07.04"]
[Round "7"]
[White "Taranenko, Evgueniy"]
[Black "Jaskolka, Tomasz"]
[Result "1-0"]
[WhiteElo "2201"]
[BlackElo "2238"]
[PlyCount "75"]
[EventDate "2023.07.04"]
[EventType "swiss (blitz)"]
[EventRounds "11"]
[EventCountry "USA"]
[SourceTitle "EXT 2024"]
[Source "ChessBase"]
[SourceDate "2023.10.10"]
[SourceVersion "1"]
[SourceVersionDate "2023.10.10"]
[SourceQuality "1"]

1. e4 d5 2. exd5 Nf6 3. Nc3 Bg4 4. Be2 Bxe2 5. Ngxe2 Nxd5 6. 0-0 c6 7. d4 e6 8. Ne4 Be7 9. c3 Nd7 10. Qb3 Qb6 11. Nf4 0-0 12. Re1 N7f6 13. Ng3 Bd6 14. Nd3 Qc7 15. c4 Ne7 16. Ne5 b5 17. c5 Bxe5 18. dxe5 Nd7 19. Ne4 Qxe5 20. Bg5 Nxc5 21. Qc2 Nxe4 22. Bxe7 Rfe8 23. Rxe4 Qd5 24. Bc5 Rad8 25. b4 Rd7 26. Ree1 Red8 27. h3 Qg5 28. Be3 Qh5 29. Qxc6 h6 30. Qc5 Rd5 31. Qxa7 Qg6 32. Qc7 Qd3 33. Qg3 Qc2 34. Rac1 Qxa2 35. Bxh6 g6 36. Be3 Rf5 37. Rc5 Rf6 38. Bg5 1-0

[Event "Titled Tuesday intern op 27th Jun Late"]
[Site "Chess.com INT"]
[Date "2023.06.27"]
[Round "8"]
[White "Czerw, Dawid"]
[Black "Taranenko, Evgueniy"]
[Result "0-1"]
[WhiteElo "2400"]
[BlackElo "2201"]
[PlyCount "88"]
[EventDate "2023.06.27"]
[EventType "swiss (blitz)"]
[EventRounds "11"]
[EventCountry "USA"]
[SourceTitle "EXT 2024"]
[Source "ChessBase"]
[SourceDate "2023.10.10"]
[SourceVersion "1"]
[SourceVersionDate "2023.10.10"]
[SourceQuality "1"]

1. e4 e6 2. d4 d5 3. Nc3 Nf6 4. Bg5 Be7 5. e5 Nfd7 6. h4 h6 7. Qh5 g6 8. Bxe7 Qxe7 9. Qg4 a6 10. f4 c5 11. Nf3 Nc6 12. 0-0-0 b5 13. h5 g5 14. fxg5 cxd4 15. Ne2 Ndxe5 16. Nxe5 Nxe5 17. Qxd4 Qxg5+ 18. Kb1 Bd7 19. Nc3 Rc8 20. Re1 f6 21. Bd3 0-0 22. Rh3 Kh8 23. a3 Qg4 24. Qa7 Ra8 25. Qc7 Rfc8 26. Qd6 Rc6 27. Qe7 Qg7 28. Qb4 Rac8 29. Rf1 Nc4 30. Bxc4 Rxc4 31. Qd6 R4c6 32. Qf4 e5 33. Qf3 Bxh3 34. gxh3 d4 35. Ne4 Rxc2 36. Ng3 Rd2 37. Ne4 Rh2 38. Qf5 Rcc2 39. Ka1 Rxb2 40. Nxf6 Ra2+ 41. Kb1 Rhb2+ 42. Kc1 Qc7+ 43. Kd1 Ra1+ 44. Qb1 Raxb1# 0-1

[Event "Titled Tuesday intern op 20th Jun Late"]
[Site "Chess.com INT"]
[Date "2023.06.20"]
[Round "9"]
[White "Lewtak, Damian"]
[Black "Taranenko, Evgueniy"]
[Result "1-0"]
[WhiteElo "2364"]
[BlackElo "2201"]
[PlyCount "81"]
[EventDate "2023.06.20"]
[EventType "swiss (blitz)"]
[EventRounds "11"]
[EventCountry "USA"]
[SourceTitle "EXT 2024"]
[Source "ChessBase"]
[SourceDate "2023.10.10"]
[SourceVersion "1"]
[SourceVersionDate "2023.10.10"]
[SourceQuality "1"]

1. e4 e6 2. Nf3 d5 3. exd5 exd5 4. d4 Bd6 5. c4 dxc4 6. Bxc4 Nf6 7. 0-0 0-0 8. h3 Nc6 9. Nc3 Bf5 10. Re1 h6 11. Ne5 Bxe5 12. dxe5 Qxd1 13. Nxd1 Rfe8 14. f4 Be6 15. Bf1 Nd5 16. Ne3 Nxf4 17. Bd2 Nxe5 18. Bc3 Nfg6 19. Nc2 Bf5 20. Nd4 Bd3 21. Nb5 Bxb5 22. Bxb5 c6 23. Bf1 Rad8 24. a4 f6 25. a5 Nf4 26. Ra4 Nd5 27. Bd4 Nf3+ 28. gxf3 Rxe1 29. Bxa7 Ne3 30. Bxe3 Rxe3 31. Kf2 Rb3 32. Bc4+ Kh8 33. Bxb3 Rd2+ 34. Ke3 Rxb2 35. Rb4 c5 36. Rxb7 c4 37. a6 cxb3 38. a7 Ra2 39. Rb8+ Kh7 40. a8Q Rxa8 41. Rxa8 1-0

[Event "Titled Tuesday intern op 20th Jun Late"]
[Site "Chess.com INT"]
[Date "2023.06.20"]
[Round "5"]
[White "Taranenko, Evgueniy"]
[Black "Diaz Rosas, Julio Cesar"]
[Result "1-0"]
[WhiteElo "2201"]
[BlackElo "2337"]
[PlyCount "97"]
[EventDate "2023.06.20"]
[EventType "swiss (blitz)"]
[EventRounds "11"]
[EventCountry "USA"]
[SourceTitle "EXT 2024"]
[Source "ChessBase"]
[SourceDate "2023.10.10"]
[SourceVersion "1"]
[SourceVersionDate "2023.10.10"]
[SourceQuality "1"]

1. e4 c5 2. Nf3 d6 3. d4 cxd4 4. Nxd4 Nf6 5. f3 e5 6. Bb5+ Nbd7 7. Nf5 Qc7 8. Nc3 a6 9. Bxd7+ Bxd7 10. Bg5 Be6 11. Bxf6 gxf6 12. Nd5 Bxd5 13. Qxd5 Rg8 14. g3 Qxc2 15. Qxb7 Rc8 16. 0-0 Qc6 17. Qxc6+ Rxc6 18. Rac1 Kd7 19. Rxc6 Kxc6 20. Rc1+ Kd7 21. Rc4 Be7 22. Ra4 Ra8 23. b4 Bd8 24. Ra3 Bc7 25. Rd3 Rb8 26. a3 Rb6 27. Kf2 Rc6 28. Kg2 Rc2+ 29. Kh3 Ra2 30. g4 Rb2 31. Kg3 Bb8 32. h3 Kc6 33. Kh4 Rh2 34. Rc3+ Kd7 35. Rd3 Ke6 36. Rd5 Bc7 37. Rd3 Kd7 38. a4 Rb2 39. b5 axb5 40. axb5 Rxb5 41. Kh5 Rb2 42. Kh6 Rh2 43. h4 Bb8 44. Kxh7 Ke8 45. Kg8 Ba7 46. h5 Bc5 47. Nxd6+ Ke7 48. Nf5+ Ke8 49. h6 1-0

[Event "Titled Tuesday intern op 7th April"]
[Site "Chess.com INT"]
[Date "2020.04.07"]
[Round "9"]
[White "Savic, Miodrag R"]
[Black "Taranenko, Evgueniy"]
[Result "1-0"]
[WhiteElo "2433"]
[BlackElo "2201"]
[PlyCount "29"]
[EventDate "2020.04.07"]
[EventType "swiss (blitz)"]
[EventRounds "10"]
[EventCountry "USA"]
[SourceTitle "EXT 2021"]
[Source "ChessBase"]
[SourceDate "2020.10.23"]
[SourceVersion "1"]
[SourceVersionDate "2020.10.23"]
[SourceQuality "1"]

1. e4 c5 2. c3 d6 3. d4 cxd4 4. cxd4 Nf6 5. Nc3 a6 6. Nf3 e6 7. Bd3 b5 8. 0-0 Bb7 9. Qe2 Nbd7 10. Rd1 Be7 11. a3 0-0 12. e5 dxe5 13. dxe5 Nd5 14. Qe4 Nxc3 15. Qxh7# 1-0

[Event "Titled Tuesday intern op 7th April"]
[Site "Chess.com INT"]
[Date "2020.04.07"]
[Round "1"]
[White "Taranenko, Evgueniy"]
[Black "Ivanisevic, Ivan"]
[Result "0-1"]
[WhiteElo "2201"]
[BlackElo "2604"]
[PlyCount "70"]
[EventDate "2020.04.07"]
[EventType "swiss (blitz)"]
[EventRounds "10"]
[EventCountry "USA"]
[SourceTitle "EXT 2021"]
[Source "ChessBase"]
[SourceDate "2020.10.23"]
[SourceVersion "1"]
[SourceVersionDate "2020.10.23"]
[SourceQuality "1"]

1. d4 Nf6 2. c4 d6 3. Nc3 e5 4. e3 Qe7 5. Nf3 g6 6. Be2 Bg7 7. 0-0 0-0 8. b3 e4 9. Nd2 Re8 10. Qc2 c5 11. d5 h5 12. Bb2 Nbd7 13. a4 Nf8 14. a5 N8h7 15. a6 bxa6 16. Ra5 Rb8 17. Rfa1 h4 18. h3 Ng5 19. Nd1 Rb6 20. R1a4 Nd7 21. Bxg7 Kxg7 22. Qc3+ Qf6 23. Qxf6+ Kxf6 24. Nc3 Bb7 25. Na2 Rb8 26. b4 cxb4 27. Rxb4 Nc5 28. Rxb6 axb6 29. Ra3 Bc8 30. Rc3 Ke5 31. Nb4 Bd7 32. Nc6+ Bxc6 33. dxc6 Rc8 34. Ra3 Rxc6 35. Nb3 Nge6 0-1